Geography Quiz

Random Geography or City Quiz

Top 25 Cities of Papua New Guinea on a Map Quiz Stats

 Plays Quiz Updated Apr 24, 2018

Challenge
Share
Tweet
Score 0/25 Timer 10:00
0 Plays Today
% Correct
Port Moresby
93.2%
Lae
80.8%
Wewak
65%
Daru
65%
Kimbe
64.1%
Mount Hagen
60.3%
Kokopo
60%
Madang
58.5%
Goroka
54.3%
Mendi
53.1%
Rabaul
49.1%
Popondetta
48%
Alotau
43.9%
% Correct
Vanimo
42.7%
Aitape
40.9%
Kavieng
38.8%
Bulolo
38.4%
Buka
36.1%
Wabag
32.3%
Tabubil
30.9%
Kiunga
28.5%
Kerema
27.7%
Lorengau
23.1%
Kundiawa
21.7%
Ramu Sugar
16%

You're not logged in!

Compare scores with friends on all Sporcle quizzes.
Join for Free
OR
Log In

You Might Also Like...

Show Comments

Extras

Top Quizzes Today


Score Distribution

Your Account Isn't Verified!

In order to create a playlist on Sporcle, you need to verify the email address you used during registration. Go to your Sporcle Settings to finish the process.

Report this User

Report this user for behavior that violates our Community Guidelines.

Details: